Statistics for Busiest Air Routes from New York JFK

Click here to take the quiz!

General Stats

  • This quiz has been taken 3,043 times
    (3,039 since last reset)
  • The average score is 10 of 20

Answer Stats

Passenger NumbersCity% Correct
2,933,000London
96%
1,349,000Paris
96%
663,000Madrid
80%
1,198,000Miami
79%
616,000Tokyo
73%
2,932,000Los Angeles
66%
582,000Boston
64%
750,000Santo Domingo
63%
752,000Frankfurt
56%
767,000Santiago
51%
2,000,000San Francisco
44%
934,000San Juan
44%
1,304,000Orlando
43%
551,000São Paulo
38%
906,000Seoul
28%
1,006,000Las Vegas
25%
530,000Tampa
23%
647,000Tel Aviv
15%
1,042,000Fort Lauderdale
14%
550,000Buffalo
9%

Score Distribution

Percentile by Number Answered

Percent of People with Each Score

Your Score History

You have not taken this quiz since the last reset